Регионална библиотека "Любен Каравелов" - Русе

Заек и мечка: Вредител в нашата обител (Запис номер 327433)

MARC детайли
000 -Лидер
Лидер 01212nam a2200301 a 4500
003 - Код на организацията, давaща контролен номер
Код на организацията, даваща контролен номер BLK
005 - Дата и час на последна редакция
Дата и час на последна редакция 20250704181849.0
008 - Елементи от данни с фиксирана дължина
Елементи с фиксирана дължина 181210b bu a|||br|||| 00| 0 bu d
020 ## - Международен стандартен номер на книга ISBN
ISBN 9786197455014
040 ## - Източник на каталожния запис
Код на библиотеката BLK
041 ## - Код за език
Език Български
Език за КДБФ Български
080 ## - УДК
УДК текст Английска литература
УДК код 821.111
УДК – определител -93-34
УДК – код + определител 821.111-93-34
100 ## - Редна дума - Автор
Автор Гоф, Джулиан
R(LIN) 1299
240 ## - Унифицирано заглавие
Унифицирано заглавие Rabbit & Bear, the pest in the nest. български език
245 ## - Сведения за заглавието
Заглавие Заек и мечка: Вредител в нашата обител
Авторска отговорност Джулиан Гоф; ил. Джим Фийлд; прев. Петя Гуламали.
260 ## - Област на издателските данни
9 (RLIN) 391444
Място на издаване София
Име на издателя Таймлайнс стор
Година на издаване 2018
Печатница Китай
Дата на отпечатване 2018
300 ## - Физическа характеристика
Брой страници 104 с.
Илюстрации с цв. ил.
Размер 19 см
380 ## - Жанр
Жанр Детска худож. лит.
500 ## - Общи забележки
Обща забележка Ориг. загл.: Rabbit & Bear, the pest in the nest / Julian Gough
700 ## - Други автори (авторска отговорност)
9 (RLIN) 599
Друг автор Фийлд, Джим
Авт. отговорност на др. автор ил.
700 ## - Други автори (авторска отговорност)
9 (RLIN) 966
Друг автор Гуламали, Петя
Авт. отговорност на др. автор прев.
852 ## - Местоположение
Сигнатура (форматна) Цб 292266
Отдел Хранилище
942 ## - АРТИКУЛИ
Вид на библиотечния документ Книги
Скрит в OPAC Не
Koha issues (borrowed), all copies 38
944 ## - СЪЗДАВАНЕ И РЕДАКЦИЯ на ЗАПИСА
Създаване/Редакция Създаване
Дата на регистрацията/редакция 2018-12-10
Служител, извършил регистрацията/редакцията 30537
Номер на служител Грета Цуфелде
999 ## - СИСТЕМНИ КОНТРОЛНИ НОМЕРА
Koha biblionumber 327433
Koha biblioitemnumber 327433
999 ## - СИСТЕМНИ КОНТРОЛНИ НОМЕРА
Koha biblioitemnumber 327433
999 ## - СИСТЕМНИ КОНТРОЛНИ НОМЕРА
Koha biblioitemnumber 327433
Наличности
Код за отписване Код за изгубен артикул Източник на класификационната схема Код за повреда Коз за рестрикции Код за отдаване Артикулен № Име на библиотеката - собственик Име на библиотеката, в която се намира в момента Статус (Текущо местоположение) Дата на вписване в системата Местоположение - отдел Цена в лева Систематично азбучна сигнатура Баркод Цена в евро Служебен тип на артикула
  Не е изгубен Universal Decimal Classification Не е повреден без рестрикции ползва се в читалня 685928 Регионална библиотека "Любен Каравелов" Русе Регионална библиотека "Любен Каравелов" Русе Хранилище 2018-12-12 Хранилище 13.99 Цб 292266 120000827301 7.15 Книги
  Не е изгубен Universal Decimal Classification Не е повреден без рестрикции заемане за дома 755125 Регионална библиотека "Любен Каравелов" Русе Регионална библиотека "Любен Каравелов" Русе Детски отдел 2020-02-06 Детски отдел 11.25 ДХ 820/899/Г 70 120000842390 5.75 Книги
  Не е изгубен Universal Decimal Classification Не е повреден без рестрикции заемане за дома 755126 Регионална библиотека "Любен Каравелов" Русе Регионална библиотека "Любен Каравелов" Русе Детски отдел 2020-02-06 Детски отдел 11.25 ДХ 820/899/Г 70 120000842391 5.75 Книги
Vip Innovations Ltd, Rousse, Bulgaria 2025